Movie Name by Antonym Quiz Stats

 Plays Quiz not verified by Sporcle

Challenge
Share
Tweet
Embed
Score 0/20 Timer 07:00
0 Plays Today
Movie % Correct
I, Robot
40%
Wall-E
40%
Pretty Woman
20%
Cars
20%
Runaway Bride
0%
Eternal Sunshine of the Spotless Mind
0%
The Fast and Furious
0%
Sweet Home Alabama
0%
Never Been Kissed
0%
Happy Feet
0%
Movie % Correct
Snow White
0%
My Best Friends Wedding
0%
Children of Men
0%
The Curious Case of Benjamin Button
0%
Lord of the Rings
0%
The Mighty Ducks
0%
Friday Night Lights
0%
The Pianist
0%
Edward Scissorhands
0%
Jack Frost
0%

You're not logged in!

Compare scores with friends on all Sporcle quizzes.
Join for Free
OR
Log In

You Might Also Like...

Show Comments

Extras

Created Jan 29, 2010ReportNominate
Tags:Movie Titles Quiz, antonym

Top Quizzes Today


Score Distribution

Your Account Isn't Verified!

In order to create a playlist on Sporcle, you need to verify the email address you used during registration. Go to your Sporcle Settings to finish the process.

Report this User

Report this user for behavior that violates our Community Guidelines.

Details: